000 00792cpcaa22002417a 4500
001 mm 79005266
003 DLC
005 20260227111650.0
008 790618|||||||||||| eng
010 _amm 79005266
040 _aDLC
_cDLC
_edacs
_dDLC
072 7 _aW
_2lcmd
245 0 0 _aHamblin family papers,
_f1864-1884.
300 _a1
_fitem.
506 0 _aOpen to research.
545 0 _aMembers of the Hamblin (Hamlin) family.
520 8 _aList of family members with birth dates.
546 _aCollection material in English.
580 _aForms part of: Miscellaneous Manuscripts collection.
600 3 0 _aHamlin family.
650 0 _aGenealogy.
999 _c41881
_d41881